| 000 | 00410nam a2200169Ia 4500 | ||
|---|---|---|---|
| 003 | STCL | ||
| 008 | 181203s9999 xx 000 0 und d | ||
| 020 | _a9788173819513 | ||
| 040 |
_aSTCL _bEN _cSTCL |
||
| 082 | _222 | ||
| 100 | _aPaul, S.Kr. | ||
| 245 | 0 | _aPractical Financial Accounts: Part 1 | |
| 260 |
_bNew Central Book Agency _aKolkata _c2015 |
||
| 300 | _a984 | ||
| 546 | _aEnglish | ||
| 942 |
_2ddc _cBK |
||
| 999 |
_c85391 _d85391 |
||